000 00288nam a22001337a 4500
008 170926b xxu||||| |||| 00| 0 eng d
020 _a9780133611199
041 _aeng
080 _a37
100 _a46
101 _aEDU
245 _aLANGUAGE ACTIVITY BOOK
_cPEARSON
942 _2udc
_cBK
999 _c29892
_d29892